Účtovná závierka 95
Pracovná pomôcka pri zostavovaní účtovnej závierky a pri uzávierkových prácach, ktorú zostavili odborní pracovníci audítorskej spoločnosti HZ Prievidza. Podľa nej je možné zostaviť konkrétny harmonogram uzávierkových prác účtovnej jednotky.
Gespeichert in:
| 1. Verfasser: | |
|---|---|
| Weitere Verfasser: | |
| Format: | Buchkapitel |
| Sprache: | Slowakisch |
| Schlagworte: | |
| Tags: |
Keine Tags, Fügen Sie das erste Tag hinzu!
|
MARC
| LEADER | 00000naa a2200000 4500 | ||
|---|---|---|---|
| 001 | r019315 | ||
| 005 | 20221213100006.2 | ||
| 041 | 0 | |a slo | |
| 044 | |a SK | ||
| 245 | 1 | 0 | |a Účtovná závierka 95 |c Š. Kardoš, Vladimír Pastierik |
| 520 | |a Pracovná pomôcka pri zostavovaní účtovnej závierky a pri uzávierkových prácach, ktorú zostavili odborní pracovníci audítorskej spoločnosti HZ Prievidza. Podľa nej je možné zostaviť konkrétny harmonogram uzávierkových prác účtovnej jednotky. | ||
| 610 | 2 | 0 | |a Slovensko |
| 610 | 2 | 0 | |a 1995 |
| 610 | 2 | 0 | |a závierka účtovná |
| 610 | 2 | 0 | |a účtovníctvo podvojné |
| 610 | 2 | 0 | |a podnikatelia |
| 610 | 2 | 0 | |a HZ Prievidza, s.r.o. |
| 100 | 1 | |a Kardoš, Štefan | |
| 700 | 1 | |a Pastierik, Vladimír | |